Online katalóg knižníc regiónu Turca

Rozprávková babička (Record no. 21423)

MARC details
000 -LEADER
fixed length control field 01932cam a2200577 a 4500
001 - CONTROL NUMBER
control field 21423
003 - CONTROL NUMBER IDENTIFIER
control field VRT
005 - DATE AND TIME OF LATEST TRANSACTION
control field 20260302101416.0
008 - FIXED-LENGTH DATA ELEMENTS--GENERAL INFORMATION
fixed length control field 240318s2014 xr a b 000 m slo
015 ## - NATIONAL BIBLIOGRAPHY NUMBER
National bibliography number SNBZSA2016
020 ## - INTERNATIONAL STANDARD BOOK NUMBER
International Standard Book Number 9788073608873
Qualifying information (viaz.)
035 ## - SYSTEM CONTROL NUMBER
System control number 1010A4E9-7CDD-40DE-82B9-9F8BB2220C1F
035 ## - SYSTEM CONTROL NUMBER
System control number urn:nbn:sk:snk-amlfvw
035 ## - SYSTEM CONTROL NUMBER
System control number urn:nbn:sk:snk-am009428
039 #9 - LEVEL OF BIBLIOGRAPHIC CONTROL AND CODING DETAIL [OBSOLETE]
Level of rules in bibliographic description 202403182021
Level of effort used to assign nonsubject heading access points VLOAD
Level of effort used to assign subject headings 201606102022
Level of effort used to assign classification VLOAD
Level of effort used to assign subject headings 201602191337
Level of effort used to assign classification msnk111
Level of effort used to assign subject headings 201601191328
Level of effort used to assign classification msnk11
040 ## - CATALOGING SOURCE
Original cataloging agency PPPK
Language of cataloging slo
Transcribing agency PPPK
Modifying agency SNK
Description conventions AACR2
041 1# - LANGUAGE CODE
Language code of text/sound track or separate title slo
Language code of original cze
044 ## - COUNTRY OF PUBLISHING/PRODUCING ENTITY CODE
MARC country code xr
ISO country code CZ
072 #7 - SUBJECT CATEGORY CODE
Subject category code 821.162.3
Subject category code subdivision Česká literatúra
Source konspekt
072 #7 - SUBJECT CATEGORY CODE
Subject category code 821-93
Subject category code subdivision Literatúra pre deti a mládež
Source konspekt
080 ## - UNIVERSAL DECIMAL CLASSIFICATION NUMBER
Universal Decimal Classification number 821.162.3-34
Edition identifier 2001
080 ## - UNIVERSAL DECIMAL CLASSIFICATION NUMBER
Universal Decimal Classification number 821-93
Edition identifier 2001
080 ## - UNIVERSAL DECIMAL CLASSIFICATION NUMBER
Universal Decimal Classification number (0.053.2)
Edition identifier 2001
100 1# - MAIN ENTRY--PERSONAL NAME
Personal name Petiška, Eduard,
Dates associated with a name 1924-1987
Relationship aut
240 10 - UNIFORM TITLE
Uniform title [Pohádková babička]
Language of a work Slovensky
245 10 - TITLE STATEMENT
Title Rozprávková babička
Statement of responsibility, etc. Eduard Petiška ; [ilustrácie: Kateřina Lovis Miler ; z českého originálu preložila Klára Košková, verše Tatiana Dunajová]
260 ## - PUBLICATION, DISTRIBUTION, ETC.
Place of publication, distribution, etc. Praha
Name of publisher, distributor, etc. Ottovo nakladatelství
Date of publication, distribution, etc. 2014
300 ## - PHYSICAL DESCRIPTION
Extent 112 s.
Other physical details fareb. ilustr.
Dimensions 29 cm
655 #7 - INDEX TERM--GENRE/FORM
Genre/form data or focus term české rozprávky
Source of term SNKPH
655 #7 - INDEX TERM--GENRE/FORM
Genre/form data or focus term publikácie pre deti
Source of term SNKPH
655 #7 - INDEX TERM--GENRE/FORM
Genre/form data or focus term Czech fairy tales
Source of term SNKPHeng
655 #7 - INDEX TERM--GENRE/FORM
Genre/form data or focus term Children´s literatury
Source of term SNKPHeng
700 1# - ADDED ENTRY--PERSONAL NAME
Personal name Lovis Miler, Kateřina
Relationship ill
700 1# - ADDED ENTRY--PERSONAL NAME
Personal name Košková, Klára
Relationship trl
700 1# - ADDED ENTRY--PERSONAL NAME
Personal name Dunajová, Tatiana
Relationship trl
910 ## - USER-OPTION DATA (OCLC)
User-option data pppk
910 ## - USER-OPTION DATA (OCLC)
User-option data vthk
910 ## - USER-OPTION DATA (OCLC)
User-option data bjkdg
910 ## - USER-OPTION DATA (OCLC)
User-option data pokpoh
910 ## - USER-OPTION DATA (OCLC)
User-option data hevk
910 ## - USER-OPTION DATA (OCLC)
User-option data bpksh
910 ## - USER-OPTION DATA (OCLC)
User-option data ttkjf
910 ## - USER-OPTION DATA (OCLC)
User-option data skpk
910 ## - USER-OPTION DATA (OCLC)
User-option data sllk
910 ## - USER-OPTION DATA (OCLC)
User-option data totk
910 ## - USER-OPTION DATA (OCLC)
User-option data snk
942 ## - ADDED ENTRY ELEMENTS (KOHA)
Source of classification or shelving scheme Dewey Decimal Classification
Koha item type Krásna literatúra pre deti
Suppress in OPAC No
949 ## - LOCAL PROCESSING INFORMATION (OCLC)
6 3869A19159
a bpksh821.162.3-34
b bpksh57724
949 ## - LOCAL PROCESSING INFORMATION (OCLC)
6 17A1176626
a snkSB 89462
b snk2016/1198
o Pemic1-ah/87Int. č. fa – 93/2015
s 6100:20160222
Holdings
Stav vyradenia Strata Poškodenie Spôsob nadobudnutia Domovská knižnica Aktuálna knižnica Dátum nadobudnutia Total checkouts Čiarový kód exemplára Date last seen Typ exemplára
      Dar Obecná knižnica Horná Štubňa Obecná knižnica Horná Štubňa 03.03.2026   9788073608873 03.03.2026 Krásna literatúra pre deti
      Dar Obecná knižnica Turčianska Štiavnička Obecná knižnica Turčianska Štiavnička 02.03.2026   4738000109 02.03.2026 Krásna literatúra pre deti
Projekt je podporený Slovenskou asociáciou knižníc
Prevádzkuje Turčianska knižnica Martin 2026